| 000 | 00457cam a22001577a 4500 | ||
|---|---|---|---|
| 008 | 180718b2005 xxu||||| |||| 00| 0 eng d | ||
| 020 | _a8190294687 | ||
| 082 | _aQ31x54 R18 | ||
| 100 | _aRao, V.M. | ||
| 245 |
_aPoverty reduction in an elite-driven democracy: the case of India _cby V.M. Rao |
||
| 260 |
_aDelhi _bDaanish Books _c2005 |
||
| 300 | _a328p. | ||
| 650 | _aRural development - India | ||
| 650 | _aDemocracy - India | ||
| 650 | _aPoverty - India | ||
| 999 |
_c405077 _d405077 |
||